Učitavanje...

Plant Anatomy 1: Cells and Tissues

Bibliografski detalji
Glavni autor: Cutter, E G
Format: Printed Book
Jezik:Undetermined
English
Izdano: New Delhi Oxford and IBH publishing
Teme:
LEADER 00537nam a2200157Ia 4500
008 140306s9999 xx 000 0 und d
041 |a eng 
082 |a 581.4  |b CUT/PL 
100 |a Cutter, E G 
245 |a Plant Anatomy 1: Cells and Tissues 
260 |a New Delhi  |b Oxford and IBH publishing 
440 |v Contemporary biology 
650 |a Plant morphology 
942 |2 ddc  |c BK 
999 |c 122415  |d 122415 
952 |0 0  |1 0  |2 ddc  |4 0  |6 581_400000000000000_CUTPL  |7 0  |9 121909  |a KAUHCV  |b KAUHCV  |d 2014-03-22  |o 581.4 CUT/PL  |p KAU_HCV-9602  |r 2014-03-22  |w 2014-03-22  |y BK